[Event "European Chess Club Cup 2023"]
[Site "Durres, Albania"]
[Date "2023.10.03"]
[Round "3.5"]
[White "Fedoseev, Vladimir"]
[Black "Samadov, Read"]
[Result "1/2-1/2"]
[TimeControl "90' + 30' & 30\""]
[WhiteElo "2691"]
[BlackElo "2492"]

1. d4 {[%clk 01:30:33]} {[%emt 00:00:25]} d5 {[%clk 01:30:48]} {[%emt
00:00:13]} 2. Nf3 {[%clk 01:30:07]} {[%emt 00:00:56]} Nf6 {[%clk 01:31:06]}
{[%emt 00:00:12]} 3. g3 {[%clk 01:28:45]} {[%emt 00:01:52]} g6 {[%clk
01:28:18]} {[%emt 00:03:18]} 4. c4 {[%clk 01:26:19]} {[%emt 00:02:56]} c6
{[%clk 01:28:12]} {[%emt 00:00:36]} 5. Qa4 {[%clk 01:26:12]} {[%emt 00:00:36]}
Nfd7 {[%clk 01:25:18]} {[%emt 00:03:25]} 6. cxd5 {[%clk 01:26:06]} {[%emt
00:00:36]} Nb6 {[%emt 00:00:26]} 7. Qd1 {[%clk 01:26:29]} cxd5 {[%clk
01:25:16]} {[%emt 00:00:43]} 8. a4 {[%clk 01:26:57]} {[%emt 00:00:02]} Bg7
{[%clk 01:22:34]} {[%emt 00:03:12]} 9. Nc3 {[%clk 01:24:57]} {[%emt 00:02:30]}
O-O {[%clk 01:21:03]} {[%emt 00:02:02]} 10. Bg2 {[%clk 01:25:09]} {[%emt
00:00:19]} Nc6 {[%clk 01:18:48]} {[%emt 00:02:44]} 11. O-O {[%clk 01:25:28]}
{[%emt 00:00:10]} Bg4 {[%clk 01:12:42]} {[%emt 00:06:37]} 12. e3 {[%clk
01:16:20]} {[%emt 00:09:38]} e5 {[%clk 01:05:54]} {[%emt 00:07:18]} 13. h3
{[%clk 01:06:57]} {[%emt 00:09:53]} Bxf3 {[%clk 01:00:18]} {[%emt 00:06:06]} 14.
Qxf3 {[%clk 01:07:07]} {[%emt 00:00:20]} exd4 {[%clk 01:00:28]} {[%emt
00:00:21]} 15. exd4 {[%clk 01:07:15]} {[%emt 00:00:22]} Nxd4 {[%clk 00:59:26]}
{[%emt 00:01:32]} 16. Qd1 {[%clk 01:07:35]} {[%emt 00:00:09]} a5 {[%clk
00:51:48]} {[%emt 00:08:08]} 17. Be3 {[%clk 01:02:52]} {[%emt 00:05:12]} Qf6
{[%clk 00:43:52]} {[%emt 00:08:27]} 18. g4 {[%clk 00:55:17]} {[%emt 00:08:06]}
Nc4 {[%clk 00:32:25]} {[%emt 00:11:57]} 19. Nxd5 {[%clk 00:55:37]} {[%emt
00:00:10]} Qe5 {[%clk 00:32:29]} {[%emt 00:00:26]} 20. Re1 {[%clk 00:52:38]}
{[%emt 00:03:29]} Nxb2 {[%clk 00:29:06]} {[%emt 00:03:54]} 21. Qb1 {[%clk
00:46:16]} {[%emt 00:06:51]} Nc4 {[%clk 00:26:56]} {[%emt 00:02:41]} 22. Bh6
{[%clk 00:44:38]} {[%emt 00:02:08]} Ne2+ {[%clk 00:25:00]} {[%emt 00:02:27]} 23.
Rxe2 {[%clk 00:44:59]} {[%emt 00:00:09]} Qxa1 {[%clk 00:24:51]} {[%emt
00:00:39]} 24. Ne7+ {[%clk 00:45:05]} {[%emt 00:00:24]} Kh8 {[%clk 00:25:19]}
{[%emt 00:00:01]} 25. Qxa1 {[%clk 00:45:34]} {[%emt 00:00:01]} Bxa1 {[%clk
00:25:40]} {[%emt 00:00:09]} 26. Bxf8 {[%clk 00:45:52]} {[%emt 00:00:13]} Rxf8
{[%clk 00:26:04]} {[%emt 00:00:06]} 27. Bxb7 {[%clk 00:46:15]} {[%emt
00:00:06]} Ne5 {[%clk 00:19:18]} {[%emt 00:07:16]} 28. Rc2 {[%clk 00:38:54]}
{[%emt 00:07:51]} Rd8 {[%clk 00:17:58]} {[%emt 00:01:51]} 29. Nd5 {[%clk
00:36:24]} {[%emt 00:02:59]} Bd4 {[%clk 00:14:39]} {[%emt 00:03:49]} 30. Kf1
{[%clk 00:36:18]} {[%emt 00:00:36]} Kg7 {[%clk 00:14:15]} {[%emt 00:00:55]} 31.
f4 {[%clk 00:29:04]} {[%emt 00:07:43]} Rd7 {[%clk 00:13:25]} {[%emt 00:01:20]}
32. Ba8 {[%clk 00:28:58]} {[%emt 00:00:36]} Rd8 {[%clk 00:13:18]} {[%emt
00:00:38]} 33. fxe5 {[%clk 00:27:11]} {[%emt 00:02:16]} Rxa8 {[%clk 00:13:42]}
{[%emt 00:00:06]} 34. Nc7 {[%clk 00:27:37]} {[%emt 00:00:05]} Rf8 {[%clk
00:11:57]} {[%emt 00:02:15]} 35. Re2 {[%clk 00:27:56]} {[%emt 00:00:10]} Bb6
{[%clk 00:08:14]} {[%emt 00:04:13]} 36. Nd5 {[%clk 00:28:08]} {[%emt 00:00:18]}
Bc5 {[%clk 00:07:36]} {[%emt 00:01:09]} 37. Nf6 {[%clk 00:25:50]} {[%emt
00:02:47]} Rd8 {[%clk 00:06:58]} {[%emt 00:01:08]} 38. Rc2 {[%clk 00:25:00]}
{[%emt 00:01:20]} Bd4 {[%clk 00:05:24]} {[%emt 00:02:04]} 39. Rd2 {[%clk
00:24:58]} {[%emt 00:00:32]} Bb6 {[%clk 00:04:35]} {[%emt 00:01:19]} 40. Rd7
{[%clk 00:22:32]} {[%emt 00:02:56]} h6 {[%clk 00:01:53]} {[%emt 00:03:11]} 41.
Ke2 {[%clk 00:21:06]} {[%emt 00:01:57]} Kf8 {[%clk 00:26:32]} {[%emt 00:05:50]}
42. Kd3 {[%clk 00:48:55]} {[%emt 00:02:41]} Bc7 {[%clk 00:24:45]} {[%emt
00:02:18]} 43. Rxd8+ {[%clk 00:49:10]} {[%emt 00:00:15]} Bxd8 {[%clk 00:25:14]}
44. Kc4 {[%clk 00:49:29]} {[%emt 00:00:10]} Be7 {[%clk 00:22:29]} {[%emt
00:03:16]} 45. Nd7+ {[%clk 00:31:37]} {[%emt 00:18:22]} Ke8 {[%clk 00:20:33]}
{[%emt 00:02:26]} 46. Nc5 {[%clk 00:31:26]} {[%emt 00:00:41]} Bd8 {[%clk
00:18:37]} {[%emt 00:02:26]} 47. Kd5 {[%clk 00:30:30]} {[%emt 00:01:25]} Bc7
{[%clk 00:15:41]} {[%emt 00:03:27]} 48. Ne4 {[%clk 00:28:54]} {[%emt 00:02:06]}
Ke7 {[%clk 00:14:16]} {[%emt 00:01:55]} 49. Nd6 {[%clk 00:27:38]} {[%emt
00:01:46]} Bxd6 {[%clk 00:11:47]} {[%emt 00:03:00]} 50. exd6+ {[%clk 00:28:01]}
{[%emt 00:00:06]} Kd7 {[%clk 00:12:15]} {[%emt 00:00:03]} 51. Ke5 {[%clk
00:22:41]} {[%emt 00:05:50]} f5 {[%clk 00:12:22]} {[%emt 00:00:23]} 52. gxf5
{[%clk 00:22:41]} {[%emt 00:00:29]} gxf5 {[%clk 00:12:51]} {[%emt 00:00:02]} 53.
Kxf5 {[%clk 00:23:10]} Kxd6 {[%clk 00:13:14]} {[%emt 00:00:07]} 54. Kg6 {[%clk
00:23:28]} {[%emt 00:00:12]} Ke6 {[%clk 00:13:02]} {[%emt 00:00:43]} 55. Kxh6
{[%clk 00:22:46]} {[%emt 00:01:11]} Kf6 {[%clk 00:13:07]} {[%emt 00:00:26]} 56.
Kh5 {[%clk 00:19:06]} {[%emt 00:04:09]} Kf5 {[%clk 00:13:19]} {[%emt 00:00:19]}
57. Kh4 {[%clk 00:18:40]} {[%emt 00:00:56]} Kf4 {[%clk 00:13:45]} {[%emt
00:00:04]} 58. Kh5 {[%clk 00:19:02]} {[%emt 00:00:08]} Kf5 {[%clk 00:14:13]}
{[%emt 00:00:03]} 59. h4 {[%clk 00:19:05]} {[%emt 00:00:26]} Kf6 {[%clk
00:14:29]} {[%emt 00:00:14]} 60. Kh6 {[%clk 00:19:26]} {[%emt 00:00:08]} Kf5
{[%clk 00:14:51]} {[%emt 00:00:09]} 1/2-1/2

[Event "European Chess Club Cup 2023"]
[Site "Durres, Albania"]
[Date "2023.10.03"]
[Round "3.6"]
[White "Sadikhov, Ulvi"]
[Black "Shevchenko, Kirill"]
[Result "1/2-1/2"]
[TimeControl "90' + 30' & 30\""]
[WhiteElo "2492"]
[BlackElo "2671"]

1. c4 {[%clk 01:30:53]} {[%emt 00:00:06]} e6 {[%clk 01:30:41]} {[%emt
00:00:19]} 2. g3 {[%clk 01:31:06]} {[%emt 00:00:17]} d5 {[%clk 01:31:06]}
{[%emt 00:00:06]} 3. Bg2 {[%clk 01:31:29]} {[%emt 00:00:06]} d4 {[%clk
01:31:24]} {[%emt 00:00:12]} 4. Nf3 {[%clk 01:30:36]} {[%emt 00:01:23]} Nc6
{[%clk 01:31:43]} {[%emt 00:00:12]} 5. O-O {[%clk 01:28:58]} {[%emt 00:02:08]}
Nh6 {[%clk 01:31:05]} {[%emt 00:01:08]} 6. e3 {[%clk 01:14:30]} {[%emt
00:14:58]} Nf5 {[%clk 01:31:29]} {[%emt 00:00:05]} 7. e4 {[%clk 01:12:38]}
{[%emt 00:02:23]} Nfe7 {[%clk 01:29:58]} {[%emt 00:02:00]} 8. d3 {[%clk
01:09:56]} {[%emt 00:03:12]} Ng6 {[%clk 01:30:03]} {[%emt 00:00:26]} 9. Na3
{[%clk 00:47:42]} {[%emt 00:22:43]} e5 {[%clk 01:18:36]} {[%emt 00:11:57]} 10.
Bd2 {[%clk 00:46:57]} {[%emt 00:01:15]} Bc5 {[%clk 01:10:22]} {[%emt 00:08:44]}
11. Nc2 {[%clk 00:38:51]} {[%emt 00:08:36]} a5 {[%clk 01:10:27]} {[%emt
00:00:25]} 12. a3 {[%clk 00:37:53]} {[%emt 00:01:28]} a4 {[%clk 01:10:40]}
{[%emt 00:00:18]} 13. Nb4 {[%clk 00:35:31]} {[%emt 00:02:51]} Qd6 {[%clk
00:48:40]} {[%emt 00:22:30]} 14. Nxc6 {[%clk 00:34:55]} {[%emt 00:01:06]} Qxc6
{[%clk 00:48:02]} {[%emt 00:01:08]} 15. Bb4 {[%clk 00:32:21]} {[%emt 00:03:04]}
O-O {[%clk 00:33:26]} {[%emt 00:15:06]} 16. Qd2 {[%clk 00:24:40]} {[%emt
00:08:10]} Ra6 {[%clk 00:30:02]} {[%emt 00:03:55]} 17. Bxc5 {[%clk 00:19:26]}
{[%emt 00:05:44]} Qxc5 {[%clk 00:30:31]} 18. Qb4 {[%clk 00:19:32]} {[%emt
00:00:23]} Qa7 {[%clk 00:25:18]} {[%emt 00:05:43]} 19. Qd2 {[%clk 00:15:35]}
{[%emt 00:04:27]} Re8 {[%clk 00:23:14]} {[%emt 00:02:35]} 20. Ne1 {[%clk
00:14:23]} {[%emt 00:01:42]} Qc5 {[%clk 00:11:24]} {[%emt 00:12:19]} 21. Qb4
{[%clk 00:13:21]} {[%emt 00:01:32]} Qa5 {[%clk 00:09:33]} {[%emt 00:02:21]} 22.
Nf3 {[%clk 00:09:26]} {[%emt 00:04:26]} Nf8 {[%clk 00:05:48]} {[%emt 00:04:15]}
23. c5 {[%clk 00:06:53]} {[%emt 00:03:04]} f6 {[%clk 00:04:33]} {[%emt
00:01:45]} 24. Nd2 {[%clk 00:06:43]} {[%emt 00:00:39]} Ne6 {[%clk 00:04:49]}
{[%emt 00:00:15]} 25. Rfc1 {[%clk 00:05:43]} {[%emt 00:01:29]} Bd7 {[%clk
00:05:16]} {[%emt 00:00:03]} 26. Qxb7 {[%clk 00:04:24]} {[%emt 00:01:49]} Bc6
{[%clk 00:05:09]} {[%emt 00:00:37]} 27. Qb4 {[%clk 00:03:07]} {[%emt 00:01:48]}
Qxb4 {[%clk 00:05:38]} 28. axb4 {[%clk 00:03:32]} {[%emt 00:00:04]} Rb8 {[%clk
00:06:07]} 29. Bh3 {[%clk 00:01:16]} {[%emt 00:02:47]} Ng5 {[%clk 00:05:16]}
{[%emt 00:01:21]} 30. Bg4 {[%clk 00:01:33]} {[%emt 00:00:13]} Rxb4 {[%clk
00:04:28]} {[%emt 00:01:17]} 31. h4 {[%clk 00:02:00]} {[%emt 00:00:04]} Nf7
{[%clk 00:04:25]} {[%emt 00:00:34]} 32. b3 {[%clk 00:01:31]} {[%emt 00:00:59]}
Nd8 {[%clk 00:01:48]} {[%emt 00:03:07]} 33. Rc4 {[%clk 00:01:20]} {[%emt
00:00:41]} Rxc4 {[%clk 00:01:12]} {[%emt 00:01:06]} 34. dxc4 {[%clk 00:01:03]}
{[%emt 00:00:47]} Ra8 {[%clk 00:01:18]} {[%emt 00:00:24]} 35. b4 {[%clk
00:01:18]} {[%emt 00:00:15]} Be8 {[%clk 00:01:47]} 36. Nb1 {[%clk 00:00:34]}
{[%emt 00:01:14]} Rb8 {[%clk 00:00:45]} {[%emt 00:01:32]} 37. b5 {[%clk
00:00:53]} {[%emt 00:00:12]} c6 {[%clk 00:01:15]} 38. Rxa4 {[%clk 00:00:35]}
{[%emt 00:00:48]} cxb5 {[%clk 00:01:33]} {[%emt 00:00:12]} 39. Rb4 {[%clk
00:00:40]} {[%emt 00:00:25]} Nb7 {[%clk 00:00:37]} {[%emt 00:01:27]} 40. cxb5
{[%clk 00:00:35]} {[%emt 00:00:34]} Nxc5 {[%clk 00:01:02]} {[%emt 00:00:04]} 41.
Na3 {[%clk 00:27:43]} {[%emt 00:03:22]} Nxe4 {[%clk 00:27:32]} {[%emt
00:04:01]} 42. b6 {[%clk 00:25:24]} {[%emt 00:02:49]} Nc3 {[%clk 00:21:25]}
{[%emt 00:06:37]} 43. f4 {[%clk 00:08:14]} {[%emt 00:17:41]} Bf7 {[%clk
00:17:07]} {[%emt 00:04:47]} 44. fxe5 {[%clk 00:06:43]} {[%emt 00:02:02]} fxe5
{[%clk 00:17:36]} {[%emt 00:00:01]} 45. b7 {[%clk 00:05:28]} {[%emt 00:01:45]}
h5 {[%clk 00:12:15]} {[%emt 00:05:51]} 46. Bc8 {[%clk 00:04:48]} {[%emt
00:01:10]} Nd5 {[%clk 00:11:16]} {[%emt 00:01:29]} 47. Rb2 {[%clk 00:03:08]}
{[%emt 00:02:10]} Ne7 {[%clk 00:11:07]} {[%emt 00:00:38]} 48. Bd7 {[%clk
00:02:16]} {[%emt 00:01:22]} Bd5 {[%clk 00:10:51]} {[%emt 00:00:46]} 49. Rb5
{[%clk 00:02:04]} {[%emt 00:00:42]} d3 {[%clk 00:06:20]} {[%emt 00:05:01]} 50.
Rxd5 {[%clk 00:01:34]} {[%emt 00:01:00]} Nxd5 {[%clk 00:06:49]} {[%emt
00:00:01]} 51. Be6+ {[%clk 00:01:59]} {[%emt 00:00:05]} Kf8 {[%clk 00:07:03]}
{[%emt 00:00:16]} 52. Bxd5 {[%clk 00:02:26]} {[%emt 00:00:04]} d2 {[%clk
00:07:33]} 53. Bf3 {[%clk 00:02:44]} {[%emt 00:00:12]} Rxb7 {[%clk 00:07:51]}
{[%emt 00:00:11]} 54. Bd1 {[%clk 00:03:02]} {[%emt 00:00:12]} Rc7 {[%clk
00:05:50]} {[%emt 00:02:31]} 55. Nc2 {[%clk 00:03:06]} {[%emt 00:00:25]} g6
{[%clk 00:02:27]} {[%emt 00:03:54]} 56. Kf2 {[%clk 00:03:29]} {[%emt 00:00:07]}
Rc4 {[%clk 00:02:56]} 57. Ne3 {[%clk 00:03:13]} {[%emt 00:00:46]} Rd4 {[%clk
00:02:53]} {[%emt 00:00:33]} 58. Ke2 {[%clk 00:03:37]} {[%emt 00:00:06]} e4
{[%clk 00:02:22]} {[%emt 00:01:02]} 59. Bc2 {[%clk 00:03:12]} {[%emt 00:00:55]}
Kf7 {[%clk 00:01:17]} {[%emt 00:01:35]} 60. Nf1 {[%clk 00:03:29]} {[%emt
00:00:12]} Kf6 {[%clk 00:01:04]} {[%emt 00:00:43]} 61. Nxd2 {[%clk 00:03:41]}
{[%emt 00:00:17]} g5 {[%clk 00:00:56]} {[%emt 00:00:38]} 62. Nxe4+ {[%clk
00:03:15]} {[%emt 00:00:57]} Rxe4+ {[%clk 00:01:21]} {[%emt 00:00:05]} 63. Bxe4
{[%clk 00:03:43]} gxh4 {[%clk 00:01:47]} {[%emt 00:00:05]} 64. gxh4 {[%clk
00:04:12]} {[%emt 00:00:01]} Kg7 {[%clk 00:02:12]} {[%emt 00:00:04]} 1/2-1/2

[Event "European Chess Club Cup 2023"]
[Site "Durres, Albania"]
[Date "2023.10.03"]
[Round "3.7"]
[White "Maksimovic, Bojan"]
[Black "Carlsen, Magnus"]
[Result "0-1"]
[TimeControl "90' + 30' & 30\""]
[WhiteElo "2502"]
[BlackElo "2839"]

1. e4 {[%clk 01:30:55]} {[%emt 00:00:04]} a6 {[%clk 01:29:15]} {[%emt
00:01:47]} 2. d4 {[%clk 01:30:52]} {[%emt 00:00:32]} e6 {[%clk 01:29:39]}
{[%emt 00:00:06]} 3. Nf3 {[%clk 01:30:18]} {[%emt 00:01:04]} d5 {[%clk
01:30:01]} {[%emt 00:00:09]} 4. Nbd2 {[%clk 01:24:49]} {[%emt 00:05:59]} c5
{[%clk 01:28:13]} {[%emt 00:02:18]} 5. dxc5 {[%clk 01:19:08]} {[%emt 00:06:11]}
Bxc5 {[%clk 01:26:01]} {[%emt 00:02:42]} 6. Bd3 {[%clk 01:17:38]} {[%emt
00:01:59]} Nc6 {[%clk 01:24:47]} {[%emt 00:01:44]} 7. O-O {[%clk 01:16:13]}
{[%emt 00:01:55]} Nf6 {[%clk 01:25:06]} {[%emt 00:00:12]} 8. Qe2 {[%clk
01:09:54]} {[%emt 00:06:48]} Qc7 {[%clk 01:22:52]} {[%emt 00:02:43]} 9. exd5
{[%clk 00:58:44]} {[%emt 00:11:41]} Nxd5 {[%clk 01:22:38]} {[%emt 00:00:44]} 10.
Ne4 {[%clk 00:58:37]} {[%emt 00:00:37]} Be7 {[%clk 01:22:03]} {[%emt 00:01:05]}
11. Ng3 {[%clk 00:54:21]} {[%emt 00:04:47]} Bd7 {[%clk 01:17:25]} {[%emt
00:05:08]} 12. c3 {[%clk 00:48:28]} {[%emt 00:06:23]} Nf4 {[%clk 01:16:17]}
{[%emt 00:01:38]} 13. Bxf4 {[%clk 00:48:15]} {[%emt 00:00:42]} Qxf4 {[%clk
01:16:44]} {[%emt 00:00:04]} 14. Rad1 {[%clk 00:47:54]} {[%emt 00:00:50]} Rd8
{[%clk 01:16:14]} {[%emt 00:01:01]} 15. Rfe1 {[%clk 00:47:23]} {[%emt
00:01:01]} O-O {[%clk 01:14:24]} {[%emt 00:02:20]} 16. Qc2 {[%clk 00:44:25]}
{[%emt 00:03:27]} g6 {[%clk 01:14:39]} {[%emt 00:00:15]} 17. h4 {[%clk
00:38:49]} {[%emt 00:06:06]} Kg7 {[%clk 01:14:25]} {[%emt 00:00:44]} 18. h5
{[%clk 00:35:18]} {[%emt 00:04:01]} Bc8 {[%clk 01:14:29]} {[%emt 00:00:26]} 19.
Be4 {[%clk 00:33:16]} {[%emt 00:02:32]} Rxd1 {[%clk 01:13:48]} {[%emt
00:01:12]} 20. Rxd1 {[%clk 00:32:43]} {[%emt 00:01:03]} Ne5 {[%clk 01:13:57]}
{[%emt 00:00:21]} 21. Ne2 {[%clk 00:32:22]} {[%emt 00:00:50]} Nxf3+ {[%clk
01:14:18]} {[%emt 00:00:09]} 22. Bxf3 {[%clk 00:32:45]} {[%emt 00:00:07]} Qe5
{[%clk 01:13:44]} {[%emt 00:01:03]} 23. Qb3 {[%clk 00:31:29]} {[%emt 00:01:47]}
Qc7 {[%clk 01:09:42]} {[%emt 00:04:32]} 24. g3 {[%clk 00:28:44]} {[%emt
00:03:15]} Rd8 {[%clk 01:03:59]} {[%emt 00:06:14]} 25. Rxd8 {[%clk 00:28:35]}
{[%emt 00:00:39]} Bxd8 {[%clk 01:04:26]} {[%emt 00:00:02]} 26. hxg6 {[%clk
00:27:17]} {[%emt 00:01:48]} hxg6 {[%clk 01:02:50]} {[%emt 00:02:06]} 27. Nf4
{[%clk 00:27:18]} {[%emt 00:00:29]} b6 {[%clk 01:02:27]} {[%emt 00:00:53]} 28.
Qd1 {[%clk 00:26:26]} {[%emt 00:01:22]} Qd7 {[%clk 01:01:30]} {[%emt 00:01:27]}
29. Qe2 {[%clk 00:25:01]} {[%emt 00:01:55]} Qd6 {[%clk 01:01:47]} {[%emt
00:00:13]} 30. Nd3 {[%clk 00:22:19]} {[%emt 00:03:12]} Bc7 {[%clk 01:01:16]}
{[%emt 00:01:01]} 31. Nb4 {[%clk 00:21:31]} {[%emt 00:01:18]} a5 {[%clk
00:58:46]} {[%emt 00:03:00]} 32. Nc2 {[%clk 00:20:25]} {[%emt 00:01:35]} Bd7
{[%clk 00:58:05]} {[%emt 00:01:12]} 33. Ne3 {[%clk 00:18:53]} {[%emt 00:02:02]}
b5 {[%clk 00:57:38]} {[%emt 00:00:57]} 34. a3 {[%clk 00:17:42]} {[%emt
00:01:41]} a4 {[%clk 00:55:49]} {[%emt 00:02:19]} 35. Kg2 {[%clk 00:16:26]}
{[%emt 00:01:46]} f5 {[%clk 00:54:14]} {[%emt 00:02:06]} 36. Qc2 {[%clk
00:13:38]} {[%emt 00:03:17]} Bb6 {[%clk 00:51:16]} {[%emt 00:03:29]} 37. Qe2
{[%clk 00:09:02]} {[%emt 00:05:05]} e5 {[%clk 00:50:25]} {[%emt 00:01:21]} 38.
Ba8 {[%clk 00:08:20]} {[%emt 00:01:12]} e4 {[%clk 00:36:08]} {[%emt 00:14:48]}
39. Nd5 {[%clk 00:07:05]} {[%emt 00:01:45]} Ba7 {[%clk 00:36:06]} {[%emt
00:00:32]} 40. Nb4 {[%clk 00:03:28]} {[%emt 00:04:06]} Bc5 {[%clk 00:29:23]}
{[%emt 00:07:13]} 41. Bb7 {[%clk 00:20:46]} {[%emt 00:13:11]} Kh6 {[%clk
00:54:38]} {[%emt 00:05:15]} 42. Ba8 {[%clk 00:19:01]} {[%emt 00:02:16]} Be8
{[%clk 00:52:21]} {[%emt 00:02:46]} 43. c4 {[%clk 00:04:50]} {[%emt 00:14:43]}
Qd4 {[%clk 00:41:32]} {[%emt 00:11:19]} 44. Bd5 {[%clk 00:02:43]} {[%emt
00:02:37]} g5 {[%clk 00:39:33]} {[%emt 00:02:28]} 45. Nc6 {[%clk 00:00:38]}
{[%emt 00:02:35]} Qd3 {[%clk 00:39:21]} {[%emt 00:00:43]} 46. Qxd3 {[%clk
00:00:49]} {[%emt 00:00:19]} exd3 {[%clk 00:39:48]} {[%emt 00:00:03]} 47. Kf1
{[%clk 00:00:58]} {[%emt 00:00:20]} bxc4 {[%clk 00:38:58]} {[%emt 00:01:21]} 48.
Ne5 {[%clk 00:00:57]} {[%emt 00:00:31]} d2 {[%clk 00:37:46]} {[%emt 00:01:42]}
49. Ke2 {[%clk 00:01:21]} {[%emt 00:00:05]} Bxf2 {[%clk 00:37:55]} {[%emt
00:00:21]} 50. g4 {[%clk 00:01:40]} {[%emt 00:00:11]} Bd4 {[%clk 00:35:46]}
{[%emt 00:02:39]} 51. Nxc4 {[%clk 00:02:03]} {[%emt 00:00:07]} fxg4 {[%clk
00:36:08]} {[%emt 00:00:08]} 52. Kxd2 {[%clk 00:00:53]} {[%emt 00:01:40]} g3
{[%clk 00:36:32]} {[%emt 00:00:07]} 53. Kd3 {[%clk 00:00:39]} {[%emt 00:00:44]}
Bf7 {[%clk 00:36:02]} {[%emt 00:01:00]} 54. Bg2 {[%clk 00:00:41]} {[%emt
00:00:27]} Bf6 {[%clk 00:35:59]} {[%emt 00:00:33]} 55. Nb6 {[%clk 00:00:39]}
{[%emt 00:00:33]} Bb3 {[%clk 00:35:59]} {[%emt 00:00:30]} 56. Ke3 {[%clk
00:00:37]} {[%emt 00:00:32]} Bxb2 {[%clk 00:35:48]} {[%emt 00:00:40]} 57. Bc6
{[%clk 00:00:34]} {[%emt 00:00:34]} g2 {[%clk 00:36:05]} {[%emt 00:00:13]} 58.
Bxg2 {[%clk 00:01:00]} {[%emt 00:00:04]} Bxa3 {[%clk 00:36:30]} {[%emt
00:00:04]} 59. Kd3 {[%clk 00:00:37]} {[%emt 00:00:53]} Bb2 {[%clk 00:36:44]}
{[%emt 00:00:16]} 60. Bd5 {[%clk 00:00:32]} {[%emt 00:00:36]} Bxd5 {[%clk
00:37:05]} {[%emt 00:00:08]} 61. Nxd5 {[%clk 00:00:59]} {[%emt 00:00:03]} a3
{[%clk 00:36:52]} {[%emt 00:00:44]} 0-1

[Event "European Chess Club Cup 2023"]
[Site "Durres, Albania"]
[Date "2023.10.03"]
[Round "3.8"]
[White "Sadhwani, Raunak"]
[Black "Stankovic, Milos"]
[Result "1-0"]
[TimeControl "90' + 30' & 30\""]
[WhiteElo "2641"]
[BlackElo "2464"]

1. e4 {[%clk 01:29:21]} {[%emt 00:01:38]} c5 {[%clk 01:30:42]} {[%emt
00:00:19]} 2. Nf3 {[%clk 01:29:45]} {[%emt 00:00:06]} d6 {[%clk 01:30:46]}
{[%emt 00:00:26]} 3. d4 {[%clk 01:30:11]} {[%emt 00:00:05]} cxd4 {[%clk
01:30:48]} {[%emt 00:00:27]} 4. Nxd4 {[%clk 01:30:36]} {[%emt 00:00:05]} Nf6
{[%clk 01:30:41]} {[%emt 00:00:35]} 5. Nc3 {[%clk 01:30:59]} {[%emt 00:00:08]}
g6 {[%clk 01:27:50]} {[%emt 00:03:22]} 6. Be3 {[%clk 01:30:52]} {[%emt
00:00:37]} Nc6 {[%clk 01:27:50]} {[%emt 00:00:30]} 7. f3 {[%clk 01:29:17]}
{[%emt 00:02:06]} h5 {[%clk 01:27:50]} {[%emt 00:00:29]} 8. Bc4 {[%clk
01:27:23]} {[%emt 00:02:23]} Bd7 {[%clk 01:26:49]} {[%emt 00:01:31]} 9. Bb3
{[%clk 01:26:48]} {[%emt 00:01:06]} Bg7 {[%clk 01:23:52]} {[%emt 00:03:27]} 10.
Nxc6 {[%clk 01:13:02]} {[%emt 00:14:16]} Bxc6 {[%clk 01:19:42]} {[%emt
00:04:39]} 11. Bd4 {[%clk 01:13:15]} {[%emt 00:00:18]} O-O {[%clk 01:13:23]}
{[%emt 00:06:48]} 12. Qe2 {[%clk 01:13:08]} {[%emt 00:00:37]} Qa5 {[%clk
01:06:03]} {[%emt 00:07:50]} 13. O-O-O {[%clk 01:12:49]} {[%emt 00:00:49]} Rad8
{[%clk 01:02:07]} {[%emt 00:04:25]} 14. Qe1 {[%clk 01:03:12]} {[%emt 00:10:08]}
Rfe8 {[%clk 00:47:42]} {[%emt 00:14:55]} 15. Kb1 {[%clk 01:03:11]} {[%emt
00:00:32]} Nd7 {[%clk 00:37:49]} {[%emt 00:10:22]} 16. Qg3 {[%clk 01:02:48]}
{[%emt 00:00:54]} Nf8 {[%clk 00:35:06]} {[%emt 00:03:12]} 17. Qf4 {[%clk
01:00:31]} {[%emt 00:02:48]} Ne6 {[%clk 00:32:40]} {[%emt 00:02:56]} 18. Bxe6
{[%clk 01:00:54]} {[%emt 00:00:06]} fxe6 {[%clk 00:33:00]} {[%emt 00:00:10]} 19.
Qg3 {[%clk 01:00:46]} {[%emt 00:00:38]} e5 {[%clk 00:32:22]} {[%emt 00:01:08]}
20. Be3 {[%clk 01:01:06]} {[%emt 00:00:10]} Kf7 {[%clk 00:28:54]} {[%emt
00:03:59]} 21. Rhf1 {[%clk 00:59:40]} {[%emt 00:01:55]} Bf6 {[%clk 00:28:44]}
{[%emt 00:00:40]} 22. Bg5 {[%clk 00:59:42]} {[%emt 00:00:29]} Kg7 {[%clk
00:27:49]} {[%emt 00:01:25]} 23. Qh4 {[%clk 00:59:27]} {[%emt 00:00:45]} Rf8
{[%clk 00:26:59]} {[%emt 00:01:19]} 24. g4 {[%clk 00:58:29]} {[%emt 00:01:29]}
Rh8 {[%clk 00:25:28]} {[%emt 00:02:00]} 25. Rg1 {[%clk 00:57:29]} {[%emt
00:01:31]} Kf7 {[%clk 00:23:20]} {[%emt 00:02:38]} 26. Bxf6 {[%clk 00:56:54]}
{[%emt 00:01:04]} exf6 {[%clk 00:23:02]} {[%emt 00:00:49]} 27. g5 {[%clk
00:57:21]} {[%emt 00:00:03]} d5 {[%clk 00:20:13]} {[%emt 00:03:18]} 28. exd5
{[%clk 00:56:52]} {[%emt 00:01:00]} Bxd5 {[%clk 00:20:19]} {[%emt 00:00:24]} 29.
b4 {[%clk 00:57:14]} {[%emt 00:00:08]} fxg5 {[%clk 00:12:47]} {[%emt 00:08:02]}
30. bxa5 {[%clk 00:57:29]} {[%emt 00:00:15]} Bxa2+ {[%clk 00:13:05]} {[%emt
00:00:11]} 31. Kxa2 {[%clk 00:57:52]} {[%emt 00:00:07]} gxh4 {[%clk 00:13:30]}
{[%emt 00:00:05]} 32. Ne4 {[%clk 00:58:13]} {[%emt 00:00:10]} 1-0